Yukthi kalpanikatha viplavam (Part 1)/ (Record no. 181990)

000 -LEADER
fixed length control field 00404nam a22001577a 4500
020 ## - INTERNATIONAL STANDARD BOOK NUMBER
ISBN 9789349730991
082 ## - DEWEY DECIMAL CLASSIFICATION NUMBER
Classification number M 190
Item number ROY/U
100 ## - MAIN ENTRY--AUTHOR NAME
Personal name Roy M N
245 ## - TITLE STATEMENT
Title Yukthi kalpanikatha viplavam (Part 1)/
Statement of responsibility, etc by Roy M N
260 ## - PUBLICATION, DISTRIBUTION, ETC. (IMPRINT)
Place of publication Thiruvananthapuram:
Name of publisher Mythri Books,
Year of publication 2025.
300 ## - PHYSICAL DESCRIPTION
Number of Pages 400p.
650 ## - SUBJECT ADDED ENTRY--TOPICAL TERM
Topical Term Western Philosophy
650 ## - SUBJECT ADDED ENTRY--TOPICAL TERM
Topical Term Philosophy
700 ## - ADDED ENTRY--PERSONAL NAME
Personal name Haridasan M V (tr.)
942 ## - ADDED ENTRY ELEMENTS (KOHA)
Koha item type Book
Holdings
Withdrawn status Lost status Damaged status Not for loan Permanent Location Current Location Shelving location Date acquired Cost, normal purchase price Full call number Accession Number Price effective from Koha item type
        Sree Sankaracharya University of Sanskrit Sree Sankaracharya University of Sanskrit Stacks 03.06.2026 630.00 M 190 ROY/U 108997 03.06.2026 Book